| 000 | 00376nam a22001337a 4500 | ||
|---|---|---|---|
| 005 | 20260624135602.0 | ||
| 020 | _a9781009423786 | ||
| 082 | _a327.51 ZHA/C | ||
| 100 |
_aZhang, Ketian _916973 |
||
| 245 |
_aChinas' gambit: _bthe calculus of Coercion/ _cby Ketian Zhang |
||
| 260 |
_a. - U K _b: Cambridge University press _c, 2024 |
||
| 300 | _axiv+231 pages | ||
| 942 |
_2ddc _cREF |
||
| 999 |
_c761026 _d761026 |
||